| 000 | 00497nam a22001577a 4500 | ||
|---|---|---|---|
| 003 | OSt | ||
| 005 | 20250403130120.0 | ||
| 008 | 250403b |||||||| |||| 00| 0 eng d | ||
| 040 | _c0 | ||
| 082 | _aDPer 372.05 El262 September-December 2019 v. 120 n. 1-2 | ||
| 245 | _aThe Elementary School Journal / | ||
| 260 |
_a USA ; _bUniversity of Chicago Press, _cSeptember-December 2019. |
||
| 300 |
_avarious paging : _billustrations, _c27 cm. |
||
| 650 | 0 |
_aElementary schools. _948438 |
|
| 942 |
_2ddc _cPER |
||
| 999 |
_c23607 _d23607 |
||